The declaratory judgment (Record no. 187838)
[ view plain ]
| 000 -LEADER | |
|---|---|
| fixed length control field | 00808cam6a220024100 4500 |
| 001 - CONTROL NUMBER | |
| control field | lce00655856 |
| 008 - FIXED-LENGTH DATA ELEMENTS--GENERAL INFORMATION | |
| fixed length control field | 710318s1962 enk b 000 0 eng |
| 010 ## - LIBRARY OF CONGRESS CONTROL NUMBER | |
| LC control number | 68041132 |
| 035 ## - SYSTEM CONTROL NUMBER | |
| System control number | (Sirsi) r112421 |
| 035 ## - SYSTEM CONTROL NUMBER | |
| System control number | (DLC) 68041132 |
| 035 ## - SYSTEM CONTROL NUMBER | |
| System control number | (UPRA)lce00655856 |
| 043 ## - GEOGRAPHIC AREA CODE | |
| Geographic area code | e-uk--- |
| 050 0# - LIBRARY OF CONGRESS CALL NUMBER | |
| Classification number | LAW |
| 100 1# - MAIN ENTRY--PERSONAL NAME | |
| Personal name | Zamir, Itzhak. |
| Linkage | A73764.1 |
| 245 14 - TITLE STATEMENT | |
| Title | The declaratory judgment |
| Statement of responsibility, etc. | [by] I. Zamir. |
| 260 ## - PUBLICATION, DISTRIBUTION, ETC. | |
| Place of publication, distribution, etc. | London, |
| Name of publisher, distributor, etc. | Stevens, |
| Date of publication, distribution, etc. | 1962. |
| 500 ## - GENERAL NOTE | |
| General note | Based on the author's thesis, University of London. |
| 504 ## - BIBLIOGRAPHY, ETC. NOTE | |
| Bibliography, etc. note | Bibliographical footnotes. |
| 650 #0 - SUBJECT ADDED ENTRY--TOPICAL TERM | |
| Topical term or geographic name entry element | Judgments, Declaratory -- Great Britain. |
| Geographic subdivision | Judgments, Declaratory -- Great Britain. |
| Linkage | S54982.1 |
| 949 ## - LOCAL PROCESSING INFORMATION (OCLC) | |
| a | LAW |
| w | lcc |
| i | 33729001472641 |
| m | MAIN |
| p | 2500 |
| t | BOOK |
| l | ON-SHELF |
| 949 ## - LOCAL PROCESSING INFORMATION (OCLC) | |
| a | LAW |
| w | lcc |
| i | -161137 |
| m | MAIN |
| t | BOOK |
| l | ON-SHELF |
No items available.